Velkovýrobní způsoby posklizňové úpravy a skladování brambor : Studijní zpráva /
Uložené v:
| Hlavný autor: | |
|---|---|
| Médium: | Kniha |
| Jazyk: | Czech |
| Vydané: |
Praha :
Ústav vědeckotechnických informací pro zemědělství,
1979.
|
| Edícia: | Studijní informace
|
| ISBN: |
brož. |
| Fyzický popis: |
68 s. |
| Tagy: |
Pridať tag
Žiadne tagy, Buďte prvý kto otaguje tento záznam!
|
Titul je dostupný aj v ... 

MARC
| LEADER | 00000nam a22000003a 4500 | ||
|---|---|---|---|
| 001 | 000171213 | ||
| 005 | 20091123190421.0 | ||
| 008 | 050324 1979 xr cze d | ||
| 020 | |a brož. | ||
| 040 | |a SVKKK |b slo |c SVKKK |e AACR2 | ||
| 041 | 0 | |a cze | |
| 044 | |a xr |c CZ | ||
| 100 | 1 | |a Kharboutli, Daniela |4 aut | |
| 245 | 1 | 0 | |a Velkovýrobní způsoby posklizňové úpravy a skladování brambor : |b Studijní zpráva / |c Daniela Kharboutli. |
| 260 | |a Praha : |b Ústav vědeckotechnických informací pro zemědělství, |c 1979. | ||
| 300 | |a 68 s. | ||
| 490 | 1 | |a Studijní informace : zemědělská technika ; |v č. 9, 1979 | |
| 830 | 0 | |a Studijní informace | |
| 910 | |a svkkk | ||
| 998 | |a BK | ||
| 090 | |g SCKHL |k Sklad Pribinova 2. posch. |a II.255983 |j 615042 |i 171213-10 |s Absenčne | ||